Pays ayant le plus de visiteurs - Statistiques

Statistiques générales
  • Ce quiz a été pris 228 fois
  • Le résultat moyen est 9 sur 10
Statistiques - réponses
Hint Réponse % Correct
Europe France
99%
Amérique États-Unis
98%
Asie Chine
96%
Europe Espagne
92%
Europe/Asie Russie
90%
Europe Italie
89%
Europe Royaume-Uni
85%
Europe Allemagne
84%
Europe/Asie Turquie
75%
Asie Thaïlande
54%
Aucun quiz correspondant
Distribution des résultats
% des personnes avec chaque résultat
Percentile par nombre de réponses
Votre historique - résultats
Vous n’avez pas pris ce quiz